[Event "EU-chT (Women) 23rd"]
[Site "Terme Catez"]
[Date "2021.11.19"]
[Round "7.3"]
[White "Miloradovic, Jelena"]
[Black "Janzelj, Lara"]
[Result "0-1"]
[WhiteElo "2041"]
[BlackElo "2150"]
[PlyCount "64"]
[EventDate "2021.11.12"]
[EventType "team-swiss"]
[EventRounds "9"]
[EventCountry "SLO"]
[SourceTitle "CBM 205"]
[Source "ChessBase"]
[SourceDate "2021.12.31"]
[SourceVersion "1"]
[SourceVersionDate "2021.12.31"]
[SourceQuality "1"]
[WhiteTeam "Sweden (W)"]
[BlackTeam "Slovenia (W)"]
[WhiteTeamCountry "SWE"]
[BlackTeamCountry "SLO"]

1. c4 Nf6 2. Nc3 g6 3. g3 Bg7 4. Bg2 d6 5. Nf3 0-0 6. 0-0 e5 7. d3 Nc6 8. Rb1 a5 9. a3 Ne8 10. b4 axb4 11. axb4 f5 12. Bg5 Qd7 13. Nd5 h6 14. b5 Nd8 15. Bd2 Ne6 16. Qc1 Kh7 17. Bc3 Nf6 18. Ne1 f4 19. Nxf6+ Bxf6 20. Nc2 Bg5 21. Bd2 Ra2 22. h4 f3 23. hxg5 Rxc2 24. Qxc2 Nd4 25. Qd1 Nxe2+ 26. Qxe2 fxe2 27. Rfe1 Qf5 28. Rxe2 Qxd3 29. Rbe1 Bg4 30. Be4 Qd4 31. Re3 Qxd2 32. f4 hxg5 0-1

[Event "EU-Cup 36th"]
[Site "Struga"]
[Date "2021.09.24"]
[Round "7.4"]
[White "Miloradovic, Jelena"]
[Black "Healy, John"]
[Result "1-0"]
[WhiteElo "2056"]
[BlackElo "1889"]
[PlyCount "119"]
[EventDate "2021.09.18"]
[EventType "team-swiss"]
[EventRounds "7"]
[EventCountry "MKD"]
[SourceTitle "CBM 204 Extra"]
[Source "ChessBase"]
[SourceDate "2021.11.30"]
[SourceVersion "1"]
[SourceVersionDate "2021.11.30"]
[SourceQuality "1"]
[WhiteTeam "Wasa"]
[BlackTeam "St Benildus"]
[WhiteTeamCountry "SWE"]
[BlackTeamCountry "IRL"]

1. c4 e5 2. Nc3 Bb4 3. g3 Bxc3 4. dxc3 d6 5. Bg2 Nc6 6. c5 Be6 7. cxd6 cxd6 8. Nf3 f6 9. 0-0 Nge7 10. b4 Qd7 11. a4 0-0 12. Ba3 Rfd8 13. Nd2 d5 14. Nb3 b6 15. b5 Na5 16. Nxa5 bxa5 17. c4 e4 18. c5 Ng6 19. f4 exf3 20. Rxf3 Ne5 21. Rf4 Rac8 22. c6 Qc7 23. Bc5 a6 24. Rd4 Re8 25. Bxd5 axb5 26. Bxe6+ Rxe6 27. axb5 Nxc6 28. bxc6 Rxc6 29. Rd7 Qe5 30. Bd4 Qe6 31. Bf2 a4 32. Rd8+ Rxd8 33. Qxd8+ Kf7 34. Rd1 Kg6 35. Qd3+ Kh6 36. Be3+ g5 37. Bf2 a3 38. Qxa3 Qxe2 39. Re1 Qc4 40. Qf8+ Kg6 41. Re7 Qc2 42. Qg7+ Kh5 43. Qxh7+ Qxh7 44. Rxh7+ Kg6 45. Re7 g4 46. Re2 Ra6 47. Rb2 Ra4 48. Kg2 Rc4 49. Be3 Kf5 50. Rf2+ Ke6 51. h3 gxh3+ 52. Kxh3 f5 53. Rf4 Rc8 54. Ra4 Rc3 55. Bf4 Rc8 56. Ra6+ Kf7 57. Be5 Rc2 58. Rf6+ Ke7 59. Rxf5 Ke6 60. Kg4 1-0

[Event "EU-Cup 36th"]
[Site "Struga"]
[Date "2021.09.21"]
[Round "4.5"]
[White "Miloradovic, Jelena"]
[Black "Visintin, Roberto"]
[Result "1/2-1/2"]
[WhiteElo "2056"]
[BlackElo "2029"]
[PlyCount "73"]
[EventDate "2021.09.18"]
[EventType "team-swiss"]
[EventRounds "7"]
[EventCountry "MKD"]
[SourceTitle "CBM 204 Extra"]
[Source "ChessBase"]
[SourceDate "2021.11.30"]
[SourceVersion "1"]
[SourceVersionDate "2021.11.30"]
[SourceQuality "1"]
[WhiteTeam "Wasa"]
[BlackTeam "Bonnevoie Gambit"]
[WhiteTeamCountry "SWE"]
[BlackTeamCountry "LUX"]

1. c4 c6 2. Nf3 d5 3. b3 Nf6 4. Bb2 e6 5. g3 Be7 6. Bg2 Nbd7 7. 0-0 0-0 8. d3 b6 9. Nd4 Bb7 10. cxd5 cxd5 11. Nd2 Rc8 12. h3 Qc7 13. Rc1 Qb8 14. Rxc8 Rxc8 15. N2f3 Bf8 16. Qd2 g6 17. Rc1 a6 18. Rxc8 Qxc8 19. Qc2 Qxc2 20. Nxc2 Bg7 21. Ne5 Nxe5 22. Bxe5 Ne8 23. Bxg7 Kxg7 24. f4 Nd6 25. Nd4 Kf6 26. Kf2 Ke7 27. Bf3 f6 28. Nc2 h6 29. e3 a5 30. Ke2 Kd7 31. Kd2 Ke7 32. Nd4 e5 33. fxe5 fxe5 34. Ne2 d4 35. Bxb7 dxe3+ 36. Kxe3 Nxb7 37. d4 1/2-1/2

[Event "SWE-DEN (Women)"]
[Site "chess24.com INT"]
[Date "2020.06.17"]
[Round "3.5"]
[White "Guindy, Esmat Susanne"]
[Black "Miloradovic, Jelena"]
[Result "1/2-1/2"]
[WhiteElo "2131"]
[BlackElo "2056"]
[PlyCount "91"]
[EventDate "2020.06.17"]
[EventType "team-match (rapid)"]
[EventRounds "6"]
[EventCountry "SWE"]
[SourceTitle "CBM 196 Extra"]
[Source "ChessBase"]
[SourceDate "2020.07.31"]
[SourceVersion "1"]
[SourceVersionDate "2020.07.31"]
[SourceQuality "1"]
[WhiteTeam "Denmark"]
[BlackTeam "Sweden"]
[WhiteTeamCountry "DEN"]
[BlackTeamCountry "SWE"]

1. c4 Nf6 2. Nf3 e6 3. g3 b6 4. Bg2 Bb7 5. 0-0 Be7 6. Nc3 0-0 7. b3 d5 8. cxd5 Nxd5 9. Bb2 Bf6 10. d4 Nxc3 11. Bxc3 c5 12. Rc1 Nd7 13. Re1 Rb8 14. e4 cxd4 15. Bxd4 Bxd4 16. Qxd4 Nc5 17. Qe3 Qd3 18. Ne5 Qxe3 19. Rxe3 f6 20. Nc4 Rfd8 21. h4 Kf7 22. e5 Bxg2 23. Kxg2 Nd3 24. Rc2 Nxe5 25. Nxe5+ fxe5 26. Rxe5 Rd7 27. Rce2 Rd6 28. f4 g6 29. h5 Rbd8 30. hxg6+ hxg6 31. Kf3 Rd3+ 32. Kg4 R8d6 33. Rc2 Kf6 34. Rc7 a5 35. Rb7 R3d5 36. Re3 Rd2 37. a4 Rc2 38. Re5 Rc3 39. Rb5 Rdd3 40. Kh3 Rxg3+ 41. Kh2 Rxb3 42. R7xb6 Rh3+ 43. Kg2 Rhg3+ 44. Kh2 Rh3+ 45. Kg2 Rhg3+ 46. Kh2 1/2-1/2

[Event "EU-ch blitz (Women)"]
[Site "Monte Carlo"]
[Date "2019.11.29"]
[Round "1"]
[White "Miloradovic, Jelena"]
[Black "Dzagnidze, Nana"]
[Result "1/2-1/2"]
[WhiteElo "2076"]
[BlackElo "2502"]
[PlyCount "138"]
[EventDate "2019.11.29"]
[EventType "swiss (blitz)"]
[EventRounds "13"]
[EventCountry "MNC"]
[SourceTitle "CBM 193 Extra"]
[Source "ChessBase"]
[SourceDate "2020.01.31"]
[SourceVersion "1"]
[SourceVersionDate "2020.01.31"]
[SourceQuality "1"]

1. c4 Nf6 2. g3 c5 3. Bg2 Nc6 4. Nc3 g6 5. e3 Bg7 6. Nge2 d6 7. 0-0 0-0 8. d3 e5 9. a3 Be6 10. Nd5 Qc8 11. Nec3 Bh3 12. b4 Bxg2 13. Kxg2 Re8 14. Nxf6+ Bxf6 15. Nd5 Bg7 16. Rb1 e4 17. dxe4 Rxe4 18. Qd3 Re8 19. Bb2 cxb4 20. Bxg7 Kxg7 21. axb4 Ne5 22. Qd4 Qxc4 23. Qxc4 Nxc4 24. Nc7 Nd2 25. Nxe8+ Rxe8 26. Rfd1 Nxb1 27. Rxb1 Re5 28. b5 Rc5 29. Kf3 Kf6 30. Rb2 Ke6 31. Ke4 Rc4+ 32. Kd3 Kd5 33. Ra2 Rb4 34. Rxa7 Rb3+ 35. Ke2 Rxb5 36. Ra4 h5 37. Kf3 Rb2 38. e4+ Ke5 39. Ra5+ b5 40. Ra7 Ke6 41. Ke3 b4 42. Rb7 b3 43. h3 g5 44. Rb5 f6 45. f4 gxf4+ 46. gxf4 Rh2 47. Rxh5 b2 48. Rb5 Rxh3+ 49. Kd4 Rh2 50. f5+ Kd7 51. Kc3 Kc6 52. Rxb2 Rxb2 53. Kxb2 d5 54. Kc3 dxe4 55. Kd4 Kd6 56. Kxe4 Kc5 57. Kf4 Kd5 58. Kg3 Ke4 59. Kg4 Ke5 60. Kg3 Kxf5 61. Kf3 Ke5 62. Ke3 f5 63. Kf3 f4 64. Kf2 Ke4 65. Ke2 f3+ 66. Kf2 Kf4 67. Kf1 Ke3 68. Ke1 f2+ 69. Kf1 Kf3 1/2-1/2

[Event "Rilton Cup 34th"]
[Site "Stockholm"]
[Date "2005.01.02"]
[Round "6"]
[White "Miloradovic, Jelena"]
[Black "Karlsson, Tomas"]
[Result "1-0"]
[WhiteElo "2133"]
[BlackElo "2267"]
[PlyCount "105"]
[EventDate "2004.12.27"]
[EventType "swiss"]
[EventRounds "9"]
[EventCountry "SWE"]
[SourceTitle "CBM 104 Extra"]
[Source "ChessBase"]
[SourceDate "2005.03.01"]
[SourceVersion "1"]
[SourceVersionDate "2005.03.01"]
[SourceQuality "1"]

1. Nf3 Nf6 2. c4 c5 3. Nc3 Nc6 4. d4 cxd4 5. Nxd4 g6 6. Nc2 Bg7 7. e4 0-0 8. Be2 d6 9. 0-0 Be6 10. Bd2 Nd7 11. Rc1 f5 12. exf5 gxf5 13. Re1 Nf6 14. Ne3 Qd7 15. Ned5 Bf7 16. Nxf6+ Bxf6 17. Bh6 Rfe8 18. Bh5 Bxh5 19. Qxh5 e6 20. Re3 Ne5 21. Bg5 Qf7 22. Qxf7+ Kxf7 23. Bxf6 Kxf6 24. Nb5 Red8 25. Rce1 a6 26. Nd4 Kf7 27. b3 f4 28. Re4 Nd3 29. Nxe6 Nxe1 30. Nxd8+ Rxd8 31. Rxe1 d5 32. Rd1 d4 33. Kf1 Kf6 34. Ke2 Kf5 35. Kd3 f3 36. gxf3 Kf4 37. Re1 Rd7 38. Re4+ Kxf3 39. Rxd4 Re7 40. Rd6 h5 41. Kd4 h4 42. Kc5 Kg2 43. Kb6 Rg7 44. f4 Kxh2 45. f5 Rf7 46. Rg6 Rxf5 47. Kxb7 h3 48. Kxa6 Kh1 49. b4 h2 50. Rh6 Rg5 51. Rxh2+ Kxh2 52. c5 Kg3 53. c6 1-0

[Event "Belgrade Trophy 17th"]
[Site "Obrenovac"]
[Date "2004.11.22"]
[Round "1"]
[White "Raicevic, Vladimir"]
[Black "Miloradovic, Jelena"]
[Result "1-0"]
[WhiteElo "2461"]
[BlackElo "2133"]
[PlyCount "67"]
[EventDate "2004.11.22"]
[EventType "swiss"]
[EventRounds "9"]
[EventCountry "YUG"]
[SourceTitle "CBM 103 Extra"]
[Source "ChessBase"]
[SourceDate "2005.01.01"]
[SourceVersion "1"]
[SourceVersionDate "2005.01.01"]
[SourceQuality "1"]

1. c4 c6 2. d4 d5 3. Nc3 Nf6 4. e3 a6 5. a4 e6 6. Nf3 Bb4 7. Bd2 0-0 8. b3 a5 9. Bd3 Bxc3 10. Bxc3 Ne4 11. Bb2 f5 12. 0-0 Nd7 13. Qe2 Rf6 14. Rfd1 Rh6 15. Nd2 Nxd2 16. Rxd2 Qh4 17. h3 Nf6 18. f3 Rg6 19. Kh2 Qg3+ 20. Kh1 Nh5 21. Qf2 Qg5 22. Ba3 Qd8 23. g4 Nf6 24. Rg1 b6 25. g5 Ne8 26. h4 h6 27. f4 hxg5 28. fxg5 dxc4 29. bxc4 Bb7 30. c5 bxc5 31. Bxc5 Nc7 32. Qg3 Qd5+ 33. Kh2 Na6 34. Bxa6 1-0

[Event "EU-Cup (Women) 09th"]
[Site "Izmir"]
[Date "2004.10.08"]
[Round "6.3"]
[White "Chelushkina, Irina"]
[Black "Miloradovic, Jelena"]
[Result "1-0"]
[WhiteElo "2373"]
[BlackElo "2133"]
[PlyCount "71"]
[EventDate "2004.10.03"]
[EventType "team-swiss"]
[EventRounds "7"]
[EventCountry "TUR"]
[SourceTitle "EXT 2013"]
[Source "ChessBase"]
[SourceDate "2012.11.22"]
[SourceVersion "1"]
[SourceVersionDate "2012.11.22"]
[SourceQuality "1"]
[WhiteTeam "Podgorica Internet (W)"]
[BlackTeam "Kac Jugovic (W)"]
[WhiteTeamCountry "SRB"]
[BlackTeamCountry "SRB"]

1. c4 Nf6 2. Nc3 c5 3. g3 Nc6 4. Bg2 g6 5. d3 Bg7 6. e4 d6 7. Nge2 0-0 8. 0-0 Ne8 9. Rb1 Nc7 10. a3 Rb8 11. b4 cxb4 12. axb4 b5 13. Be3 bxc4 14. b5 cxd3 15. Qxd3 Ne5 16. Qd1 a5 17. Nd4 Ne6 18. h3 Nxd4 19. Bxd4 Bb7 20. Na4 Qd7 21. f4 Bxe4 22. Bxe4 Qxh3 23. fxe5 Qxg3+ 24. Bg2 dxe5 25. Bf2 Qg5 26. Nc5 Rbd8 27. Qb3 h5 28. b6 e4 29. Nxe4 Qg4 30. Qf3 Qe6 31. b7 Be5 32. Rfd1 Bb8 33. Rxd8 Rxd8 34. Rd1 Rxd1+ 35. Qxd1 Kg7 36. Qa1+ 1-0

[Event "SCG-chT (Women)"]
[Site "Budva"]
[Date "2004.09.19"]
[Round "11.3"]
[White "Miloradovic, Jelena"]
[Black "Kezele, Tamara"]
[Result "1/2-1/2"]
[WhiteElo "2158"]
[BlackElo "2005"]
[PlyCount "55"]
[EventDate "2004.09.08"]
[EventType "team"]
[EventRounds "11"]
[EventCountry "YUG"]
[SourceTitle "CBM 102 Extra"]
[Source "ChessBase"]
[SourceDate "2004.11.03"]
[SourceVersion "1"]
[SourceVersionDate "2004.11.03"]
[SourceQuality "1"]
[WhiteTeam "04"]
[BlackTeam "11"]
[WhiteTeamCountry "YUG"]
[BlackTeamCountry "YUG"]

1. Nf3 Nf6 2. c4 c5 3. g3 b6 4. Bg2 Bb7 5. 0-0 e6 6. Nc3 g6 7. d4 cxd4 8. Nxd4 Bxg2 9. Kxg2 a6 10. e4 Qc7 11. Qf3 Qe5 12. Nde2 Nc6 13. Rd1 Be7 14. Be3 Bc5 15. Rd2 0-0 16. Rad1 Bxe3 17. Qxe3 Qc5 18. Qxc5 bxc5 19. f4 Ng4 20. Rc1 Ne3+ 21. Kf3 Nxc4 22. Rdd1 Nxb2 23. Rxd7 Rfd8 24. Rb7 Nb4 25. a3 N4d3 26. Rb1 Nc4 27. Ra1 Rab8 28. Ra7 1/2-1/2

[Event "Rilton Cup 33rd"]
[Site "Stockholm"]
[Date "2004.01.05"]
[Round "9"]
[White "Hjelm, Niclas"]
[Black "Miloradovic, Jelena"]
[Result "1/2-1/2"]
[WhiteElo "2350"]
[BlackElo "2149"]
[PlyCount "75"]
[EventDate "2003.12.27"]
[EventType "swiss"]
[EventRounds "9"]
[EventCountry "SWE"]
[SourceTitle "CBM 097 Extra"]
[Source "ChessBase"]
[SourceDate "2004.01.13"]
[SourceVersion "1"]
[SourceVersionDate "2004.01.13"]
[SourceQuality "1"]

1. d4 e6 2. c4 Bb4+ 3. Nd2 d5 4. e3 c6 5. Ngf3 Nf6 6. Bd3 0-0 7. 0-0 Nbd7 8. b3 Bc3 9. Rb1 e5 10. dxe5 Nxe5 11. Nxe5 Bxe5 12. Nf3 dxc4 13. bxc4 Bc7 14. Ba3 Re8 15. Qc2 Bd6 16. c5 Bf8 17. Ng5 g6 18. Rfd1 Qe7 19. h3 Bh6 20. Nf3 Be6 21. Bb2 Bg7 22. Be5 Bd5 23. Bd6 Qd7 24. Ne5 Qc8 25. e4 Nxe4 26. Bxe4 Bxe5 27. Bxd5 cxd5 28. Qb3 d4 29. Qxb7 Qxb7 30. Rxb7 Rad8 31. Bxe5 Rxe5 32. c6 Rc5 33. c7 Rc8 34. Rxa7 R8xc7 35. Rxc7 Rxc7 36. Rxd4 Rc1+ 37. Kh2 Rc2 38. Kg3 1/2-1/2

[Event "Rilton Cup 33rd"]
[Site "Stockholm"]
[Date "2004.01.03"]
[Round "7"]
[White "Miloradovic, Jelena"]
[Black "Johansson, Robin"]
[Result "1-0"]
[WhiteElo "2149"]
[BlackElo "2095"]
[PlyCount "85"]
[EventDate "2003.12.27"]
[EventType "swiss"]
[EventRounds "9"]
[EventCountry "SWE"]
[SourceTitle "CBM 097 Extra"]
[Source "ChessBase"]
[SourceDate "2004.01.13"]
[SourceVersion "1"]
[SourceVersionDate "2004.01.13"]
[SourceQuality "1"]

1. c4 Nf6 2. Nc3 g6 3. e4 Bg7 4. d4 0-0 5. Nge2 d6 6. g3 e5 7. Bg2 exd4 8. Nxd4 Nbd7 9. 0-0 Re8 10. Re1 Nc5 11. f3 c6 12. Be3 a5 13. Qc2 Qe7 14. Rad1 Nfd7 15. h3 Rd8 16. Kh2 Nf8 17. b3 h6 18. f4 g5 19. Nf5 Bxf5 20. exf5 Na6 21. Bb6 Qd7 22. Bxd8 Rxd8 23. fxg5 hxg5 24. Re3 Re8 25. Rxe8 Qxe8 26. Ne4 d5 27. cxd5 cxd5 28. Nxg5 d4 29. Qc4 Nb4 30. a3 Qe7 31. Nxf7 Qxf7 32. Qxf7+ Kxf7 33. axb4 axb4 34. Bxb7 Nd7 35. g4 Be5+ 36. Kg2 Kf6 37. h4 Nc5 38. Bd5 d3 39. Bc4 Bc3 40. Bxd3 Nxb3 41. g5+ Ke5 42. f6 Nc5 43. Bc4 1-0

[Event "Rilton Cup 33rd"]
[Site "Stockholm"]
[Date "2003.12.29"]
[Round "3"]
[White "Christensen, Esben"]
[Black "Miloradovic, Jelena"]
[Result "1-0"]
[WhiteElo "2083"]
[BlackElo "2149"]
[PlyCount "45"]
[EventDate "2003.12.27"]
[EventType "swiss"]
[EventRounds "9"]
[EventCountry "SWE"]
[SourceTitle "CBM 097 Extra"]
[Source "ChessBase"]
[SourceDate "2004.01.13"]
[SourceVersion "1"]
[SourceVersionDate "2004.01.13"]
[SourceQuality "1"]

1. e4 e6 2. Nf3 c5 3. d4 cxd4 4. Nxd4 Nf6 5. Bd3 d5 6. exd5 Nxd5 7. 0-0 Be7 8. Re1 0-0 9. c3 Nc6 10. Nxc6 bxc6 11. Nd2 Nf4 12. Bb1 Nd3 13. Qc2 Ba6 14. c4 Bf6 15. Qxd3 Qxd3 16. Bxd3 Rfd8 17. Be2 Bxb2 18. Bxb2 Rxd2 19. Be5 Rad8 20. Bf4 Rc2 21. Be3 Bxc4 22. Bxc4 Rxc4 23. Bxa7 1-0

[Event "Rilton Cup 33rd"]
[Site "Stockholm"]
[Date "2003.12.28"]
[Round "2"]
[White "Miloradovic, Jelena"]
[Black "Lardot, Derik"]
[Result "0-1"]
[WhiteElo "2149"]
[BlackElo "2014"]
[PlyCount "76"]
[EventDate "2003.12.27"]
[EventType "swiss"]
[EventRounds "9"]
[EventCountry "SWE"]
[SourceTitle "CBM 097 Extra"]
[Source "ChessBase"]
[SourceDate "2004.01.13"]
[SourceVersion "1"]
[SourceVersionDate "2004.01.13"]
[SourceQuality "1"]

1. c4 e5 2. Nc3 d6 3. g3 f5 4. Bg2 Nf6 5. e3 g6 6. Nge2 Bg7 7. 0-0 0-0 8. b3 Nbd7 9. Ba3 Rb8 10. Rc1 b6 11. Nb5 a6 12. Na7 Bb7 13. Nc6 Bxc6 14. Bxc6 Kh8 15. d4 Rf7 16. Qc2 Qe7 17. c5 dxc5 18. dxc5 b5 19. Rfd1 Qe6 20. Bxd7 Rxd7 21. Rxd7 Qxd7 22. Qd1 Rd8 23. Nc3 Qxd1+ 24. Rxd1 Rxd1+ 25. Nxd1 Nd5 26. Bb2 e4 27. Kf1 Bxb2 28. Nxb2 Kg7 29. Ke1 Kf6 30. Kd2 Ke5 31. a3 g5 32. Nd1 a5 33. Nb2 g4 34. Nd1 Ke6 35. Nb2 Kd7 36. a4 c6 37. Nd1 Ke6 38. axb5 cxb5 0-1